| 000 | 00748nam a2200217 i 4500 | ||
|---|---|---|---|
| 001 | 104062 | ||
| 003 | ES-MaACL | ||
| 005 | 20230906183512.0 | ||
| 007 | t| | ||
| 008 | 051122s1957 sp ||||1| spa d | ||
| 245 | 0 | 0 |
_aFrancés _b: método I.C.S. |
| 260 |
_aMadrid : _bCEDECO, _c1957 ( _fImp. Nehéda) |
||
| 300 |
_a11 v. ; _c19 cm. |
||
| 490 | 1 | _aMétodo para el estudio de idiomas | |
| 500 | _a"Texto especialmente preparado para cátedra a distancia"--Cubierta. | ||
| 594 | _aEn la cubierta: Escuelas Internacionales (International Correspondence Schools System) | ||
| 650 | 0 | 4 |
_aLengua francesa- _vMétodos. _914225 |
| 830 | 0 |
_aMétodo para el estudio de idiomas _9232622 |
|
| 852 |
_aES-MaACL _jE-4399-4409 |
||
| 999 |
_c104062 _d104062 |
||